[Event "22ème Open de Saint-Affrique"]
[Site "Saint Affrique (12)"]
[Date "2014.07.20"]
[Round "2.51"]
[White "Grosse, Tomas"]
[Black "Gachon, Valentin"]
[Result "1/2-1/2"]
[WhiteElo "1627"]
[BlackElo "1301"]
[PlyCount "74"]
[EventDate "2014.??.??"]
[Source "Sylvain Rivier"]
[SourceDate "2014.07.26"]

1. d4 d5 2. Bf4 Bf5 3. e3 e6 4. Nf3 Nf6 5. c4 Bb4+ 6. Nc3 Ne4 7. Qa4+ Nc6 8.
Rc1 O-O 9. a3 Bd6 10. Bxd6 Qxd6 11. c5 Qe7 12. Bb5 Nb8 13. Nxe4 Bxe4 14. c6
bxc6 15. Bxc6 Nxc6 16. Qxc6 Rfc8 17. b4 a5 18. Qc5 Qxc5 19. bxc5 Bxf3 20. gxf3
Rcb8 21. O-O Kf8 22. Rb1 Ke7 23. Kg2 a4 24. Rb4 Kd7 25. Rfb1 Rxb4 26. Rxb4 Kc6
27. Kf1 Kd7 28. Ke2 Kc6 29. Kd3 Kd7 30. Kc3 Kc8 31. Rb5 c6 32. Rb6 Kc7 33. Kb4
Ra7 34. h3 Ra8 35. Kc3 Ra5 36. Kb4 Ra8 37. e4 g5 1/2-1/2

[Event "22ème Open de Saint-Affrique"]
[Site "Saint Affrique (12)"]
[Date "2014.07.20"]
[Round "2.52"]
[White "Zachary, Caroline"]
[Black "Meyer, Eric"]
[Result "0-1"]
[WhiteElo "1307"]
[BlackElo "1622"]
[PlyCount "80"]
[EventDate "2014.??.??"]
[Source "Sylvain Rivier"]
[SourceDate "2014.07.26"]

1. d4 Nf6 2. Nc3 d5 3. Nf3 Nc6 4. Bf4 a6 5. e3 h6 6. Bd3 e6 7. O-O Be7 8. h3
O-O 9. e4 dxe4 10. Bxe4 Nxe4 11. Nxe4 Re8 12. c3 b6 13. Re1 Bb7 14. Ne5 Nxe5
15. dxe5 Qxd1 16. Raxd1 Rad8 17. Ng3 Kh7 18. Nf1 b5 19. Ne3 g5 20. Rxd8 Rxd8
21. Bg3 Kg6 22. Rd1 Rxd1+ 23. Nxd1 Kf5 24. f3 Bc5+ 25. Nf2 h5 26. Kf1 Bd5 27.
Nd3 Bc4 28. Ke2 Bg1 29. Kf1 Bb6 30. Ke2 Bxa2 31. f4 Bc4 32. fxg5 Kxg5 33. Kd2
Bxd3 34. Kxd3 Kf5 35. b3 a5 36. Kc2 Ke4 37. c4 c6 38. cxb5 cxb5 39. Kc3 Bd4+
40. Kc2 Bxe5 0-1

[Event "22ème Open de Saint-Affrique"]
[Site "Saint Affrique (12)"]
[Date "2014.07.20"]
[Round "2.53"]
[White "Leblic, Pierre"]
[Black "Raynal, Etienne"]
[Result "1-0"]
[WhiteElo "1620"]
[BlackElo "1286"]
[PlyCount "63"]
[EventDate "2014.??.??"]
[Source "Sylvain Rivier"]
[SourceDate "2014.07.26"]

1. e4 e5 2. Nf3 Nc6 3. Bb5 Nf6 4. O-O a6 5. Ba4 b5 6. Bb3 Bc5 7. d3 d6 8. c3
O-O 9. h3 h6 10. Re1 Bb7 11. Nbd2 Ne7 12. d4 exd4 13. cxd4 Bb6 14. Bc2 Ng6 15.
Nf1 Re8 16. Ng3 d5 17. e5 Nh7 18. a3 f6 19. Bxg6 fxe5 20. Bxe8 Qxe8 21. Nxe5
Qf8 22. Nd7 Qd6 23. Nxb6 Qxb6 24. Bf4 Rf8 25. Be5 c6 26. Rc1 Ng5 27. Qc2 h5 28.
Qg6 Rf7 29. Qxg5 Qa5 30. Nf5 Kf8 31. Bxg7+ Rxg7 32. Qxg7# 1-0

[Event "22ème Open de Saint-Affrique"]
[Site "Saint Affrique (12)"]
[Date "2014.07.20"]
[Round "2.54"]
[White "Audigier, Robert"]
[Black "Soissong, Elzbieta"]
[Result "0-1"]
[WhiteElo "1298"]
[BlackElo "1620"]
[PlyCount "70"]
[EventDate "2014.??.??"]
[Source "Sylvain Rivier"]
[SourceDate "2014.07.26"]

1. d4 Nf6 2. c4 c5 3. d5 b5 4. Nc3 b4 5. Na4 d6 6. b3 g6 7. a3 Bg7 8. axb4 cxb4
9. Nb2 O-O 10. e3 Nbd7 11. Bd3 Nc5 12. Nf3 Bg4 13. O-O Nxd3 14. Nxd3 Nxd5 15.
Bb2 Nc3 16. Qd2 a5 17. Nf4 e6 18. h3 Bxf3 19. gxf3 Qb6 20. Ne2 Nxe2+ 21. Qxe2
Qc5 22. Bxg7 Kxg7 23. Qb2+ Kg8 24. Qd4 Ra6 25. Qxc5 dxc5 26. Rfd1 Rfa8 27. Rd7
a4 28. Rad1 axb3 29. Rc7 b2 30. Rdd7 b1=Q+ 31. Kg2 Rf8 32. Rxc5 Ra1 33. Kg3
Qg1+ 34. Kf4 Qh2+ 35. Ke4 f5+ 0-1

[Event "22ème Open de Saint-Affrique"]
[Site "Saint Affrique (12)"]
[Date "2014.07.20"]
[Round "2.55"]
[White "Pottier, Simeon"]
[Black "Roubaud, Brennan"]
[Result "1-0"]
[WhiteElo "1619"]
[BlackElo "1282"]
[PlyCount "41"]
[EventDate "2014.??.??"]
[Source "Sylvain Rivier"]
[SourceDate "2014.07.26"]

1. d4 g6 2. e4 d6 3. Nc3 Bg7 4. Be3 Nd7 5. Qd2 e5 6. d5 Ngf6 7. f3 O-O 8. g4
Nb8 9. O-O-O Ne8 10. h4 f5 11. gxf5 gxf5 12. exf5 Bxf5 13. h5 Bf6 14. Bh3 Bxh3
15. Nxh3 Bh4 16. Rdg1+ Kh8 17. Ng5 Bxg5 18. Bxg5 Qd7 19. Rg3 c6 20. Rhg1 Na6
21. Bh6 1-0

[Event "22ème Open de Saint-Affrique"]
[Site "Saint Affrique (12)"]
[Date "2014.07.20"]
[Round "2.56"]
[White "Jackson, Edgar"]
[Black "Combelle, Xavier"]
[Result "1-0"]
[WhiteElo "1602"]
[BlackElo "1270"]
[PlyCount "51"]
[EventDate "2014.??.??"]
[Source "Sylvain Rivier"]
[SourceDate "2014.07.26"]

1. d4 d5 2. c4 Nc6 3. Nc3 Nf6 4. Bg5 e6 5. a3 dxc4 6. e3 Be7 7. Bxc4 Nd5 8.
Bxe7 Ncxe7 9. Nge2 O-O 10. e4 Nb6 11. Ba2 Bd7 12. Qc2 Bc6 13. O-O Nd7 14. Rad1
Nf6 15. Bb1 Ng6 16. e5 Nd5 17. Nxd5 Bxd5 18. Nf4 Qg5 19. Nxd5 exd5 20. Rd3 Qf4
21. Rfd1 Qf5 22. Qxc7 Rac8 23. Qxb7 Rfe8 24. Rc3 Rb8 25. Qxd5 Rxb2 26. Bxf5 1-0

[Event "22ème Open de Saint-Affrique"]
[Site "Saint Affrique (12)"]
[Date "2014.07.20"]
[Round "2.57"]
[White "Bois D'Enghien, Noumea"]
[Black "Denechaud, Bernard"]
[Result "0-1"]
[WhiteElo "1240"]
[BlackElo "1596"]
[PlyCount "44"]
[EventDate "2014.??.??"]
[Source "Sylvain Rivier"]
[SourceDate "2014.07.26"]

1. e4 e6 2. d4 d5 3. e5 c5 4. c3 Nc6 5. Nf3 Bd7 6. g3 Qb6 7. Bg2 Nge7 8. b3
cxd4 9. cxd4 Nf5 10. Bb2 Bb4+ 11. Kf1 O-O 12. a3 Be7 13. a4 Na5 14. Na3 Nxb3
15. Rb1 Bxa4 16. Kg1 Qa5 17. Qd3 Rfc8 18. Nc2 b5 19. Ba1 Nxa1 20. Nxa1 Rc3 21.
Qe2 Qc7 22. Bf1 a6 0-1

[Event "22ème Open de Saint-Affrique"]
[Site "Saint Affrique (12)"]
[Date "2014.07.20"]
[Round "2.58"]
[White "Flear, James C"]
[Black "Espiau Dubois, Louis"]
[Result "0-1"]
[WhiteElo "1227"]
[BlackElo "1577"]
[PlyCount "122"]
[EventDate "2014.??.??"]
[Source "Sylvain Rivier"]
[SourceDate "2014.07.26"]

1. c4 Nf6 2. Nc3 d6 3. g3 g6 4. Nf3 Bg7 5. Bg2 O-O 6. O-O e5 7. d3 Nbd7 8. Bg5
h6 9. Bxf6 Nxf6 10. Re1 Rb8 11. e4 Be6 12. Qa4 a6 13. Rad1 Qc8 14. d4 exd4 15.
Nxd4 Bh3 16. e5 dxe5 17. Rxe5 Bxg2 18. Kxg2 Ng4 19. Re4 c5 20. Nf3 Nf6 21. Nd5
Nxd5 22. cxd5 Bxb2 23. d6 b5 24. Qb3 Bf6 25. Qd5 Qb7 26. Qxb7 Rxb7 27. d7 Rbb8
28. Rd6 Bd4 29. Rxa6 Rfd8 30. Nxd4 cxd4 31. Rxd4 Rb7 32. Rad6 Kf8 33. Re4 Rbxd7
34. Rxd7 Rxd7 35. Rb4 Rd5 36. Kf3 Ke7 37. Ke4 Kd6 38. a4 bxa4 39. Rxa4 Rg5 40.
f4 Rb5 41. Ra6+ Ke7 42. g4 Rb2 43. f5 gxf5+ 44. gxf5 Rxh2 45. f6+ Kd7 46. Kd5
Rd2+ 47. Kc4 Rc2+ 48. Kd5 Rd2+ 49. Kc5 h5 50. Ra7+ Ke6 51. Ra6+ Ke5 52. Ra1
Kxf6 53. Rh1 Kg5 54. Rg1+ Kh6 55. Rf1 Kg6 56. Kc4 f5 57. Kc3 Rd8 58. Kc2 h4 59.
Rg1+ Kh5 60. Rf1 Rd5 61. Rd1 Rxd1 0-1

[Event "22ème Open de Saint-Affrique"]
[Site "Saint Affrique (12)"]
[Date "2014.07.20"]
[Round "2.59"]
[White "Soblechero, Hugo"]
[Black "Jackson, Sue"]
[Result "1-0"]
[WhiteElo "1575"]
[BlackElo "1230"]
[PlyCount "116"]
[EventDate "2014.??.??"]
[Source "Sylvain Rivier"]
[SourceDate "2014.07.26"]

1. d4 Nf6 2. c4 g6 3. Nc3 c6 4. e4 d5 5. e5 Ne4 6. Nxe4 dxe4 7. Be3 e6 8. Ne2
b5 9. c5 Na6 10. Nc3 Nb4 11. Nxe4 Nd5 12. Bg5 Qa5+ 13. Qd2 Qxd2+ 14. Kxd2 a5
15. a4 b4 16. Bc4 h6 17. Bxd5 cxd5 18. Nf6+ Kd8 19. Be3 h5 20. Bg5 Bh6 21. f4
Bxg5 22. fxg5 Ba6 23. b3 h4 24. Rac1 Kc7 25. c6 Rac8 26. Rc5 h3 27. g3 Ra8 28.
Rhc1 Rhb8 29. Nd7 Rh8 30. Rxa5 Rh5 31. Nc5 Kxc6 32. Rxa6+ Rxa6 33. Nxa6+ Kd7
34. Nxb4 Rxg5 35. a5 Rh5 36. a6 Rh8 37. a7 Ra8 38. Ra1 Kc7 39. Nd3 Kb6 40. b4
Rxa7 41. Rxa7 Kxa7 42. Kc3 Kb6 43. Nf4 Kc6 44. Nxh3 Kd7 45. b5 Ke7 46. Kb4 f6
47. exf6+ Kxf6 48. b6 Kf5 49. b7 Ke4 50. b8=Q Kxd4 51. Qf4+ Kd3 52. Nf2+ Ke2
53. Kc3 Kf1 54. Kd2 d4 55. Qf3 Kg1 56. Ke2 d3+ 57. Kxd3 Kf1 58. Nh3+ Ke1 1-0

[Event "22ème Open de Saint-Affrique"]
[Site "Saint Affrique (12)"]
[Date "2014.07.20"]
[Round "2.60"]
[White "Prieu, Arnaud"]
[Black "Van Den Brande, Norman"]
[Result "1-0"]
[WhiteElo "1572"]
[BlackElo "1210"]
[PlyCount "53"]
[EventDate "2014.??.??"]
[Source "Sylvain Rivier"]
[SourceDate "2014.07.26"]

1. e4 c6 2. d4 d5 3. Nc3 e6 4. Bf4 Bd6 5. Qd2 Ne7 6. e5 Bc7 7. Bg5 h6 8. Bh4
O-O 9. Bd3 Nd7 10. f4 Qe8 11. O-O-O Ng6 12. Nf3 Nxh4 13. Nxh4 Qe7 14. Qf2 a5
15. f5 b5 16. Rhf1 b4 17. f6 Qe8 18. fxg7 Kxg7 19. Qg3+ Kh8 20. Qe3 Kg7 21. Rf5
Qe7 22. Qg3+ Kh8 23. Rh5 Qg5+ 24. Rxg5 hxg5 25. Qxg5 bxc3 26. Qh6+ Kg8 27. Qh7#
1-0

[Event "22ème Open de Saint-Affrique"]
[Site "Saint Affrique (12)"]
[Date "2014.07.20"]
[Round "2.61"]
[White "Boyd, Emilie"]
[Black "Casasnovas, Vincent"]
[Result "0-1"]
[WhiteElo "1192"]
[BlackElo "1562"]
[PlyCount "112"]
[EventDate "2014.??.??"]
[Source "Sylvain Rivier"]
[SourceDate "2014.07.26"]

1. e4 d6 2. Nf3 Bg4 3. Nc3 c6 4. d4 Nd7 5. h3 Bh5 6. g4 Bg6 7. Be3 Ngf6 8. Bg2
Nxe4 9. Nxe4 Bxe4 10. Qe2 Qa5+ 11. Bd2 Qd5 12. c3 O-O-O 13. Rg1 f6 14. Be3 e5
15. dxe5 Nxe5 16. Nh4 Bxg2 17. Nxg2 Nf3+ 18. Kf1 Nxg1 19. Kxg1 c5 20. a3 Kb8
21. Rd1 Qf7 22. Qf3 Qc7 23. Nf4 Qb6 24. b4 Be7 25. Ne6 Rd7 26. Nxg7 Qc6 27.
Qxc6 bxc6 28. a4 cxb4 29. cxb4 Rb7 30. Bf4 Rd8 31. Ne6 Rdd7 32. Nc5 Rxb4 33.
Nxd7+ Kc7 34. Bd2 Rxa4 35. Nxf6 Bxf6 36. Re1 Ra1 37. Rxa1 Bxa1 38. Be3 a5 39.
f4 Kd7 40. f5 Ke7 41. g5 Kf7 42. Kf1 a4 43. Bc1 c5 44. Ba3 Bc3 45. Ke2 Bb4 46.
Bb2 a3 47. Ba1 d5 48. h4 d4 49. Kd3 Be1 50. h5 a2 51. g6+ hxg6 52. hxg6+ Kf6
53. Kc2 Bc3 54. Bb2 c4 55. Kc1 a1=Q+ 56. Bxa1 Bxa1 0-1

[Event "22ème Open de Saint-Affrique"]
[Site "Saint Affrique (12)"]
[Date "2014.07.20"]
[Round "2.62"]
[White "Brin-Vervat, Emma"]
[Black "Daures, Florian"]
[Result "1-0"]
[WhiteElo "1541"]
[BlackElo "1160"]
[PlyCount "123"]
[EventDate "2014.??.??"]
[Source "Sylvain Rivier"]
[SourceDate "2014.07.26"]

1. e4 e5 2. Nf3 Nc6 3. d4 d6 4. dxe5 Qe7 5. Nc3 Nxe5 6. Be2 Bg4 7. O-O Nxf3+ 8.
Bxf3 Bxf3 9. Qxf3 Nf6 10. Bf4 O-O-O 11. Rfd1 Re8 12. Re1 d5 13. e5 d4 14. Nd5
Nxd5 15. Qxd5 Qb4 16. Qxf7 Re7 17. Qf5+ Kb8 18. Rab1 g6 19. Qd3 Bg7 20. Bg3
Rhe8 21. f4 g5 22. a3 Qb6 23. Kh1 gxf4 24. Bxf4 a6 25. Qf5 Qg6 26. Qxg6 hxg6
27. Kg1 Bxe5 28. Bxe5 Rxe5 29. Rxe5 Rxe5 30. Kf2 Ka7 31. Re1 Rc5 32. Re2 b5 33.
Kf3 Kb6 34. Ke4 Rh5 35. Kxd4 Rxh2 36. Re6+ c6 37. Rxg6 Rh4+ 38. Kd3 Rf4 39. Rg8
c5 40. g4 Kc6 41. g5 Rg4 42. g6 Kd7 43. g7 Ke7 44. Rc8 Rxg7 45. Rc7+ Kf6 46.
Rxg7 Kxg7 47. Ke4 Kf7 48. Kd5 c4 49. a4 bxa4 50. Kxc4 Ke6 51. Kb4 Ke5 52. Kxa4
Ke4 53. c4 Kd4 54. b3 Kc5 55. Ka5 Kd4 56. Kxa6 Kc5 57. Ka5 Kc6 58. b4 Kd6 59.
c5+ Kd5 60. Kb6 Ke6 61. Kc6 Ke7 62. b5 {suite illisible} 1-0

[Event "22ème Open de Saint-Affrique"]
[Site "Saint Affrique (12)"]
[Date "2014.07.20"]
[Round "2.63"]
[White "Bernard, Elodie"]
[Black "Pont, Frederic"]
[Result "0-1"]
[WhiteElo "1113"]
[BlackElo "1527"]
[PlyCount "66"]
[EventDate "2014.??.??"]
[Source "Sylvain Rivier"]
[SourceDate "2014.07.26"]

1. e4 c5 2. c3 d5 3. d3 dxe4 4. dxe4 Qxd1+ 5. Kxd1 Nf6 6. e5 Ng4 7. Be3 Nd7 8.
f4 Nxe3+ 9. Kd2 Nxf1+ 10. Ke2 b6 11. Kxf1 Ba6+ 12. Kf2 O-O-O 13. Nd2 Nxe5 14.
Ne4 Nd3+ 15. Kf3 Bb7 16. Ke3 Bxe4 17. Kxe4 Nf2+ 18. Ke3 Nxh1 19. Nf3 f6 20.
Rxh1 g5 21. fxg5 fxg5 22. Ne5 Rd5 23. Ke4 e6 24. c4 Rd4+ 25. Ke3 Bg7 26. Nc6
Rd7 27. Ke4 Kb7 28. Ne5 Rd4+ 29. Kf3 Bxe5 30. Re1 Rf8+ 31. Ke2 Re4+ 32. Kd2
Rd8+ 33. Kc2 Rxe1 0-1

[Event "22ème Open de Saint-Affrique"]
[Site "Saint Affrique (12)"]
[Date "2014.07.20"]
[Round "2.64"]
[White "Caudrelier, Pierre"]
[Black "Salvador, Thomas"]
[Result "1-0"]
[WhiteElo "1510"]
[BlackElo "1110"]
[PlyCount "97"]
[EventDate "2014.??.??"]
[Source "Sylvain Rivier"]
[SourceDate "2014.07.26"]

1. e4 e5 2. Nf3 Nc6 3. d4 d6 4. dxe5 dxe5 5. Qxd8+ Nxd8 6. Nxe5 Nf6 7. f3 Bc5
8. Nc3 O-O 9. Bg5 Ne6 10. Bxf6 gxf6 11. Ng4 Nd4 12. O-O-O b5 13. Nxb5 Nxb5 14.
Bxb5 a5 15. Nxf6+ Kh8 16. Rd5 Bb4 17. Bc6 Ra6 18. Nd7 Bxd7 19. Bxd7 Rd8 20.
Rhd1 c6 21. Bxc6 Rxd5 22. Bxd5 a4 23. a3 Bd6 24. Bxf7 Bxh2 25. Bc4 Rb6 26. Rd7
Be5 27. c3 Rc6 28. Bb5 Rb6 29. Bxa4 Rg6 30. g4 Rf6 31. Rd3 Ra6 32. Bb5 Ra5 33.
c4 Ra7 34. c5 Ra5 35. a4 Kg7 36. c6 Kg6 37. b3 Ra8 38. Kd2 Bf4+ 39. Kc3 h5 40.
gxh5+ Kxh5 41. Rd7 Kh4 42. Kd4 Kg3 43. e5 Kxf3 44. c7 Rc8 45. Ba6 Ra8 46. c8=Q
Rxc8 47. Bxc8 Kg4 48. a5 Kf5 49. Rf7+ 1-0

[Event "22ème Open de Saint-Affrique"]
[Site "Saint Affrique (12)"]
[Date "2014.07.20"]
[Round "2.65"]
[White "Alfonso, Jonathan"]
[Black "Antos, Claude"]
[Result "1-0"]
[WhiteElo "1099"]
[BlackElo "1499"]
[PlyCount "88"]
[EventDate "2014.??.??"]
[Source "Sylvain Rivier"]
[SourceDate "2014.07.26"]

1. e4 d6 2. Nf3 Nf6 3. Nc3 e5 4. d4 exd4 5. Qxd4 c5 6. Qd1 Qe7 7. Bd3 Bf5 8.
Qe2 Nc6 9. exf5 Ne5 10. Nxe5 dxe5 11. Bb5+ Nd7 12. O-O O-O-O 13. Ne4 g5 14.
Bxd7+ Rxd7 15. Bxg5 Qe8 16. Qb5 Be7 17. Rad1 Rxd1 18. Qxe8+ Rxe8 19. Rxd1 Bxg5
20. Nxg5 e4 21. Re1 Rd8 22. h3 e3 23. fxe3 Rd7 24. Nxh7 Rd2 25. Rc1 Re2 26. Nf6
Rxe3 27. Kf2 Re5 28. g4 b5 29. Rd1 Kb7 30. h4 c4 31. b3 a5 32. bxc4 bxc4 33. c3
Rb5 34. Ne4 Rb2+ 35. Kf3 Rxa2 36. Nd6+ Kc6 37. Nxc4 Ra4 38. Rd4 Kc5 39. h5 f6
40. h6 Ra2 41. h7 Rh2 42. Rd7 Kxc4 43. g5 fxg5 44. f6 Kxc3 {suite illisible}
1-0

[Event "22ème Open de Saint-Affrique"]
[Site "Saint Affrique (12)"]
[Date "2014.07.20"]
[Round "2.66"]
[White "Fosse, Jean-Claude"]
[Black "Raynal, Bertille"]
[Result "1-0"]
[WhiteElo "1465"]
[BlackElo "1090"]
[PlyCount "31"]
[EventDate "2014.??.??"]
[Source "Sylvain Rivier"]
[SourceDate "2014.07.26"]

1. e4 e5 2. Nf3 Bd6 3. Bc4 Nc6 4. c3 Bc5 5. O-O d6 6. d3 Nf6 7. Bg5 O-O 8. Nbd2
Bg4 9. h3 Bxf3 10. Nxf3 a5 11. a4 Qd7 12. Bxf6 gxf6 13. Nh4 Rfe8 14. Nf5 b6 15.
Qg4+ Kf8 16. Qg7# 1-0

[Event "22ème Open de Saint-Affrique"]
[Site "Saint Affrique (12)"]
[Date "2014.07.20"]
[Round "2.67"]
[White "Raynal, Hortense"]
[Black "Petit, Jimmy"]
[Result "0-1"]
[WhiteElo "1050"]
[BlackElo "1459"]
[PlyCount "30"]
[EventDate "2014.??.??"]
[Source "Sylvain Rivier"]
[SourceDate "2014.07.26"]

1. e4 e6 2. Nf3 d5 3. e5 c5 4. Nc3 Nc6 5. Bb5 Bd7 6. O-O a6 7. Bd3 Qc7 8. Ng5
h6 9. Nh7 Be7 10. Na4 c4 11. Nc5 Bxc5 12. Be2 Rxh7 13. d3 Qxe5 14. dxc4 Bd6 15.
Bd3 Qxh2# 0-1

[Event "22ème Open de Saint-Affrique"]
[Site "Saint Affrique (12)"]
[Date "2014.07.20"]
[Round "2.68"]
[White "Leost, Joel"]
[Black "Barascud, Rebecca"]
[Result "1-0"]
[WhiteElo "1445"]
[BlackElo "1020"]
[PlyCount "47"]
[EventDate "2014.??.??"]
[Source "Sylvain Rivier"]
[SourceDate "2014.07.26"]

1. e4 e5 2. Bc4 Nf6 3. Nc3 d6 4. d4 Nc6 5. Nf3 Bg4 6. Be3 Be7 7. a3 O-O 8. Qd2
Na5 9. Ba2 b6 10. h3 Bh5 11. g4 Bg6 12. O-O-O Qd7 13. Rdg1 Nxe4 14. Nxe4 Bxe4
15. Rg3 Rac8 16. Rhg1 c5 17. dxe5 c4 18. Bd4 Qc6 19. Qc3 h6 20. exd6 Qxd6 21.
g5 h5 22. Bxg7 Rfd8 23. Bh6 Nc6 24. Qg7# 1-0

[Event "22ème Open de Saint-Affrique"]
[Site "Saint Affrique (12)"]
[Date "2014.07.21"]
[Round "3.1"]
[White "Degraeve, Jean-Marc"]
[Black "Roubaud, Alexandre"]
[Result "1-0"]
[WhiteElo "2579"]
[BlackElo "2171"]
[PlyCount "81"]
[EventDate "2014.??.??"]
[Source "Sylvain Rivier"]
[SourceDate "2014.07.26"]

1. e4 e5 2. Nf3 Nc6 3. Bc4 Bc5 4. c3 Nf6 5. d3 a6 6. Nbd2 Ba7 7. O-O O-O 8. h3
d6 9. Bb3 Ne7 10. Re1 Ng6 11. Nf1 c6 12. Ng3 a5 13. d4 Qc7 14. Bg5 Ne8 15. a4
h6 16. Be3 Nf6 17. Qd2 Kh7 18. Rad1 Re8 19. Bc2 b5 20. Nf5 Ng8 21. dxe5 dxe5
22. Qd6 Bb8 23. Qxc7 Bxc7 24. Nd6 Rd8 25. Nxf7 Rf8 26. Nd6 Bxh3 27. axb5 Bxd6
28. Rxd6 cxb5 29. Rxg6 Kxg6 30. Nxe5+ Kf6 31. Bd4 Be6 32. Nd7+ Kf7 33. Nxf8
Kxf8 34. f4 b4 35. f5 Bc4 36. e5 Rc8 37. e6 Bd5 38. Bd3 Bc4 39. Bxc4 Rxc4 40.
Re5 b3 41. Bc5+ 1-0

[Event "22ème Open de Saint-Affrique"]
[Site "Saint Affrique (12)"]
[Date "2014.07.21"]
[Round "3.2"]
[White "Dussol, Pierre"]
[Black "Libiszewski, Fabien"]
[Result "0-1"]
[WhiteElo "2156"]
[BlackElo "2523"]
[PlyCount "112"]
[EventDate "2014.??.??"]
[Source "Sylvain Rivier"]
[SourceDate "2014.07.26"]

1. d4 Nf6 2. c4 g6 3. Nc3 Bg7 4. e4 d6 5. Be2 O-O 6. Nf3 Nbd7 7. Bg5 e5 8. dxe5
dxe5 9. Qd2 c6 10. Rd1 Qc7 11. Qe3 Ng4 12. Qc1 Nc5 13. h3 Nf6 14. Qe3 Ne6 15.
O-O Nh5 16. g3 Nxg5 17. Nxg5 h6 18. Bxh5 hxg5 19. Bf3 Bxh3 20. Rfe1 Be6 21.
Qxg5 Bxc4 22. Bg4 Rad8 23. b3 Ba6 24. Rc1 Qd6 25. Red1 Qf6 26. Qe3 b6 27. Bd7
Bb7 28. Rd3 Rb8 29. Rcd1 Rfd8 30. Rd6 Qe7 31. Qd2 Bf8 32. Qe2 Qg5 33. R6d2 Bc5
34. Qg4 Qxg4 35. Bxg4 Rxd2 36. Rxd2 Bb4 37. Rc2 Rd8 38. Nb1 c5 39. Bf3 Rd4 40.
a3 Ba5 41. Rc4 Ba6 42. Rc1 Bd3 43. Nc3 Bxc3 44. Rxc3 Kf8 45. b4 c4 46. a4 Ke7
47. Bg2 Bxe4 48. f3 Rd1+ 49. Kf2 Bd3 50. f4 Rd2+ 51. Kg1 e4 52. Bxe4 Bxe4 53.
Rxc4 Rg2+ 54. Kh1 Re2+ 55. Kg1 Kd6 56. Kf1 Bd5 0-1

[Event "22ème Open de Saint-Affrique"]
[Site "Saint Affrique (12)"]
[Date "2014.07.21"]
[Round "3.3"]
[White "Flear, Glenn C"]
[Black "Youssoupov, Moisse"]
[Result "1-0"]
[WhiteElo "2464"]
[BlackElo "2169"]
[PlyCount "107"]
[EventDate "2014.??.??"]
[Source "Sylvain Rivier"]
[SourceDate "2014.07.26"]

1. d4 g6 2. e4 Bg7 3. c4 c5 4. d5 d6 5. Nc3 e6 6. Be2 a6 7. a4 Ne7 8. h4 h6 9.
h5 g5 10. f4 gxf4 11. Bxf4 e5 12. Bd2 f5 13. Nf3 Nd7 14. Qc2 Nf6 15. O-O-O fxe4
16. Nxe4 Nxe4 17. Qxe4 Bf5 18. Qe3 Qd7 19. Qb3 Bh7 20. Nh4 Nf5 21. Bg4 O-O 22.
Rdf1 Nd4 23. Bxd7 Nxb3+ 24. Kd1 Bd3 25. Be6+ Kh7 26. Bf5+ Rxf5 27. Nxf5 Rf8 28.
Ne3 Bxf1 29. Rxf1 Rxf1+ 30. Nxf1 e4 31. Ng3 Bxb2 32. Nxe4 Nxd2 33. Kxd2 Be5 34.
Ke2 Kg7 35. Kf3 Kf7 36. Kg4 Ke7 37. Kf5 b6 38. Kg6 Bf4 39. g4 Be3 40. g5 hxg5
41. Nxg5 Bd4 42. Kf5 Bf6 43. Ne6 Be5 44. h6 Kf7 45. Nc7 a5 46. Nb5 Ke7 47. Kg6
Kf8 48. Na7 Bh8 49. Nc8 b5 50. axb5 a4 51. b6 a3 52. b7 a2 53. b8=Q a1=N 54.
Nb6+ 1-0

[Event "22ème Open de Saint-Affrique"]
[Site "Saint Affrique (12)"]
[Date "2014.07.21"]
[Round "3.4"]
[White "El Mchaouri Mas, Younes"]
[Black "Karpatchev, Aleksandr"]
[Result "0-1"]
[WhiteElo "2049"]
[BlackElo "2442"]
[PlyCount "72"]
[EventDate "2014.??.??"]
[Source "Sylvain Rivier"]
[SourceDate "2014.07.26"]

1. e4 e5 2. Nf3 Nc6 3. Bb5 a6 4. Bxc6 dxc6 5. Nc3 Qf6 6. d4 exd4 7. Qxd4 Bg4 8.
Qe5+ Qxe5 9. Nxe5 Be6 10. f4 f6 11. Nd3 O-O-O 12. Be3 f5 13. e5 Ne7 14. O-O b6
15. Rfd1 Nd5 16. Nxd5 Bxd5 17. Rd2 Be7 18. b3 c5 19. Rad1 c4 20. Nc5 cxb3 21.
cxb3 Bf7 22. Rxd8+ Rxd8 23. Rxd8+ Kxd8 24. Nxa6 Kc8 25. Bd2 c5 26. g4 g6 27.
gxf5 gxf5 28. b4 Kb7 29. bxc5 bxc5 30. Nxc5+ Bxc5+ 31. Kg2 Bxa2 32. Kg3 Be7 33.
Be1 Kc6 34. Kh3 Bf7 35. Bh4 Bxh4 36. Kxh4 h6 0-1

[Event "22ème Open de Saint-Affrique"]
[Site "Saint Affrique (12)"]
[Date "2014.07.21"]
[Round "3.5"]
[White "Mullon, Jean-Baptiste"]
[Black "Meunier, Clement"]
[Result "1-0"]
[WhiteElo "2436"]
[BlackElo "2132"]
[PlyCount "76"]
[EventDate "2014.??.??"]
[Source "Sylvain Rivier"]
[SourceDate "2014.07.26"]

1. e4 e5 2. Nf3 Nc6 3. Bb5 a6 4. Ba4 Nf6 5. O-O b5 6. Bb3 Bc5 7. a4 Rb8 8. axb5
axb5 9. c3 d6 10. d4 Bb6 11. Na3 O-O 12. Nxb5 Bg4 13. Bc2 Bxf3 14. gxf3 Nh5 15.
f4 Nxf4 16. Bxf4 exf4 17. Qf3 Qf6 18. Kh1 Ne7 19. Rg1 Ng6 20. Bd3 c6 21. Na3 c5
22. e5 dxe5 23. Bxg6 hxg6 24. dxe5 Qxe5 25. Nc4 Qe6 26. Qxf4 Bc7 27. Qg4 Qd5+
28. Rg2 Rfe8 29. Rd1 Qc6 30. f3 Rbd8 31. Rxd8 Bxd8 32. Rg1 Qd5 33. Rf1 Bc7 34.
Ne3 Qd2 35. Qh3 f5 36. Qh4 Rxe3 37. Qc4+ Kf8 38. Qxc5+ Bd6 1-0

[Event "22ème Open de Saint-Affrique"]
[Site "Saint Affrique (12)"]
[Date "2014.07.21"]
[Round "3.6"]
[White "Husson, Cybele"]
[Black "Milchev, Nikolay"]
[Result "0-1"]
[WhiteElo "1919"]
[BlackElo "2424"]
[PlyCount "72"]
[EventDate "2014.??.??"]
[Source "Sylvain Rivier"]
[SourceDate "2014.07.26"]

1. e4 e5 2. Nf3 Nf6 3. Nxe5 d6 4. Nf3 Nxe4 5. d4 d5 6. Bd3 Be7 7. O-O Nc6 8. c4
Nb4 9. Bxe4 dxe4 10. Ne5 O-O 11. a3 f6 12. axb4 fxe5 13. dxe5 Qxd1 14. Rxd1
Bxb4 15. Be3 Be6 16. c5 a5 17. Na3 Rf5 18. Nb5 Rf7 19. Rd4 Re8 20. Rxe4 Bf5 21.
Rf4 Rxe5 22. g4 Bd7 23. Nxc7 Rxf4 24. Bxf4 Re4 25. Be3 Rxg4+ 26. Kf1 Bc6 27.
Rd1 Rc4 28. Ne6 h6 29. Rd6 Rc2 30. Nd4 Rxc5 31. Rd8+ Kh7 32. Ne6 Rf5 33. Bd4
Rf7 34. Ra8 Bd5 35. Nc5 b6 36. Na4 Bxa8 0-1

[Event "22ème Open de Saint-Affrique"]
[Site "Saint Affrique (12)"]
[Date "2014.07.21"]
[Round "3.7"]
[White "Petrossian, Armen"]
[Black "Ringuet, Noe"]
[Result "1-0"]
[WhiteElo "2380"]
[BlackElo "2070"]
[PlyCount "41"]
[EventDate "2014.??.??"]
[Source "Sylvain Rivier"]
[SourceDate "2014.07.26"]

1. e4 e5 2. Nf3 f5 3. Nxe5 Qf6 4. d4 d6 5. Nc4 fxe4 6. Nc3 Qg6 7. f3 exf3 8.
Qxf3 Nf6 9. Bd3 Qf7 10. O-O Be7 11. Ne3 c6 12. Nf5 Bxf5 13. Bxf5 Na6 14. Qh3
Nc7 15. Ne4 Qd5 16. Ng5 Qxd4+ 17. Be3 Qxb2 18. Rab1 Qc3 19. Rb3 Qe5 20. Rxb7
Ncd5 21. Qh5+ 1-0

[Event "22ème Open de Saint-Affrique"]
[Site "Saint Affrique (12)"]
[Date "2014.07.21"]
[Round "3.8"]
[White "Navarro, Robin"]
[Black "Kukov, Velislav"]
[Result "0-1"]
[WhiteElo "1906"]
[BlackElo "2369"]
[PlyCount "54"]
[EventDate "2014.??.??"]
[Source "Sylvain Rivier"]
[SourceDate "2014.07.26"]

1. d4 Nf6 2. Bf4 d5 3. e3 c5 4. Nc3 e6 5. Nf3 Be7 6. Be2 O-O 7. O-O Nc6 8. a3
Nh5 9. Be5 f6 10. Bg3 Nxg3 11. hxg3 cxd4 12. exd4 f5 13. Qd2 Bf6 14. Rad1 g5
15. Bb5 g4 16. Bxc6 bxc6 17. Ne1 Ba6 18. Ne2 Bg5 19. Nf4 Bxf1 20. Kxf1 Qf6 21.
Qe3 Bxf4 22. Qxf4 c5 23. c3 c4 24. Nc2 Rab8 25. Rb1 Rb7 26. Nb4 Rfb8 27. Qc1
Rb6 0-1